Medzinárodná pomoc a spolupráca pri správe daní

Podmienky a postup príslušných orgánov pri poskytovaní požadovaní alebo príjmaní medzinárodnej spolupráce a pomoci pri správe daní s cieľom zabezpečiť správne vyrubenie a platenie daní s účinnosťou od 1. marca 2007 upravuje zákon č. 76/2007 Z.z. o medzinárodnej pomoci a spolupráci pri správe daní a...

Descripción completa

Guardado en:
Detalles Bibliográficos
Autor principal: Beňová, Marcela
Formato: Capítulo de libro
Lenguaje:eslovaco
Materias:
Etiquetas: Agregar Etiqueta
Sin Etiquetas, Sea el primero en etiquetar este registro!

MARC

LEADER 00000naa$a2200000$$$4500
001 0056052
005 20231127092818.3
041 0 |a slo 
044 |a SK 
245 1 0 |a Medzinárodná pomoc a spolupráca pri správe daní  |c Marcela Beňová 
520 |a Podmienky a postup príslušných orgánov pri poskytovaní požadovaní alebo príjmaní medzinárodnej spolupráce a pomoci pri správe daní s cieľom zabezpečiť správne vyrubenie a platenie daní s účinnosťou od 1. marca 2007 upravuje zákon č. 76/2007 Z.z. o medzinárodnej pomoci a spolupráci pri správe daní a o zmene a doplnení niektorých zákonov. Vymedzenie základných pojmov a rozsah úpravy. 
610 2 0 |a spolupráca medzinárodná 
610 2 0 |a správa daňová 
610 2 0 |a dane z príjmov 
610 2 0 |a výmena informácií 
610 2 0 |a kontrola daňová 
100 1 |a Beňová, Marcela